000 01356nam a2200313 4500
003 EC-UNACH
005 20240112192337.0
006 s||||gr|||| 00| 00
008 150116t9999 mx r gr 000 0 spa d
020 _a987-1004-14-1
040 _aEC-UNACH
_cEC-UNACH
041 _aEspañol
082 0 4 _223
_a302.2
_bL015657
100 _aIzurieta, Roberto
245 _aEstrategias de comunicación para gobiernos
250 _aPrimera Edición
_bSegunda reimpresión
264 _aBuenos Aires Argentina
_bLa Crujía
_c2005
300 _a259 páginas
_c20 x 14 centímetros
505 _aIntroducción: estrategias de comunicación pública y gobernabilidad democrática -- Presentación: Democracia y gerencia política: El papel de la OEA -- Estrategias de comunicación política -- La campaña permanente -- Comunicación con la ciudadanía -- La comunicación de gobierno e internet -- La comunicación: Política en la era del entretenimiento. Un estudio de la comunicación y las relaciones públicas para gobiernos.
650 _aMEDIOS DE COMUNICACIÓN
650 _aESTRATEGÍAS DE COMUNICACIÓN
650 _aRELACIONES PÚBLICAS
650 _aIMAGEN
700 _aArtenton, Christopher
_eAutor
942 _2ddc
_c1
999 _c12085